| 000 | 01231cam a22003617a 4500 | ||
|---|---|---|---|
| 003 | CHAP | ||
| 005 | 20220817043509.0 | ||
| 008 | 981125d1998 mx r 00110 spa d | ||
| 010 | _a76711 | ||
| 011 | _a77683 | ||
| 035 | _a87353 | ||
| 040 | _cCHAP | ||
| 090 | _aFolleto 15191 | ||
| 100 | 0 | 0 |
_aNovelo Guízar, Mario. _982038 |
| 245 | 1 | 3 |
_aLa modernización del riego : _bbase de una agricultura competitiva y sustentable _c/por Mario Novelo Guízar |
| 260 |
_aMorelia, Mich. : _bFideicomisos Instituidos en Ralación con la Agricultura, _c1998. |
||
| 300 |
_a72 p. : _bgráfs. ; cuadros |
||
| 410 | _aFIRA | ||
| 490 | 0 |
_aBoletin informativo _v; XXXI (303) |
|
| 590 |
_aBATCH-UPD _b10 _c20130110 _lUCH01 _h1109 |
||
| 590 |
_aBATCH-UPD _b10 _c20130410 _lUCH01 _h0700 |
||
| 590 |
_aBATCH-UPD _b10 _c20130914 _lUCH01 _h0650 |
||
| 590 |
_aCONVERSION _b10 _c20130109 _lUCH01 _h1342 |
||
| 650 | 1 | 4 |
_aIrrigación. _960366 |
| 650 | 1 | 4 |
_aRiego de superficie. _997372 |
| 810 |
_aFIRA _941029 |
||
| 830 | 0 |
_aBoletin informativo _v; XXXI (303) |
|
| 901 | _aBK | ||
| 905 | _aGuadalupe Pinto C. | ||
| 942 | _cFOLL | ||
| 949 |
_aFolleto 15191 _bBC _cFOLL _d873531 _eTS1 _i87353 _sb |
||
| 949 |
_aFolleto 15191 _bBC _cFOLL _d873532 _eTS2 _fc.2 _i87353 _sb |
||
| 999 |
_c76711 _d76711 |
||